Marvel Heroes by Real Names #9 - Statistics

General Stats
  • This quiz has been taken 9 times
  • The average score is 10 of 25
Answer Stats
Name Answer % Correct
Jonathan "Johnny" Storm Human Torch
100%
Lockjaw Lockjaw
88%
Gamora Zen Whoberi Ben Titan Gamora
75%
Hercules Panhellenios Hercules
75%
Samuel Guthrie Cannonball
63%
unknown (unpronounceable); member of the Starjammers Hepzibah
63%
Celeste, Esme, Irma, Phoebe, & Sophie Cuckoo Stepford Cuckoos
63%
Clarice Ferguson Blink
50%
Valeria Richards Brainstorm
50%
Ulysses Bloodstone Ulysses Bloodstone
50%
Rita DeMara Yellow Jacket
50%
Elektra Natchios Daredevil
38%
Gaveedra Seven Shatterstar
38%
Silhouette Chord Silhouette
38%
Victor Borkowski Anole
25%
Jacqueline Falsworth Spitfire
25%
Ava'Dara Naganandini Warbird
25%
Sharra Neramani Deathcry
13%
Delilah Dearborn Geiger
13%
Xiaoyi Chen Iso
13%
Madeline Joyce Miss America
13%
Mulholland Black Mulholland Black
13%
Humberto Lopez Reptil
13%
Isabel Kane Smasher
13%
Li Hua Tiger's Beautiful Daughter
13%
No matching quizzes found
Score Distribution
Percent of People with Each Score
Percentile by Number Answered
Your Score History
You have not taken this quiz